| 000 | 00621nam a2200205 a 4500 | ||
|---|---|---|---|
| 005 | 20230418063537.0 | ||
| 008 | 991125s1979 mx 000 0 spa u | ||
| 020 | _a9681200152 | ||
| 035 | _aUPN01000045158 | ||
| 049 | _aCG | ||
| 050 | 4 |
_aHB3531 _bA4.6 1979 |
|
| 100 | 1 |
_aAlba Hernández, Francisco, _d1941- _928690 |
|
| 245 | 1 | 3 |
_aLa población de México : _bevolución y dilemas / _cFrancisco Alba. |
| 250 | _a2a ed. | ||
| 260 |
_aMéxico : _bEl Colegio de México, _c1979. |
||
| 300 |
_a189 p. : _bgráfs. |
||
| 651 | 4 |
_aMéxico _xCondiciones sociales _94559 |
|
| 651 | 4 |
_aMEXICO - _xPOBLACION _916070 |
|
| 905 | _aLibro | ||
| 999 |
_c45158 _d45158 |
||